| 000 | 01057cam a2200277 a 4500 | ||
|---|---|---|---|
| 001 | 14398640 | ||
| 005 | 20231204231158.0 | ||
| 008 | 060602s2007 cau b 001 0 eng | ||
| 020 | _a076192891X (cloth : acidfree paper) | ||
| 020 | _a9780761928911 (cloth : acidfree paper) | ||
| 020 | _a0761928928 (pbk. : acidfree paper) | ||
| 020 | _a9780761928928 (pbk. : acidfree paper) | ||
| 040 |
_aDLC _cDLC _dBAKER _dBTCTA _dUKM _dC#P _dYDXCP _dLMR _dDLC |
||
| 082 | 0 | 0 |
_a305.4. _222 _bSHA. |
| 100 | 1 | _aHesse-Biber, Sharlene Nagy. | |
| 245 | 1 | 0 |
_aFeminist research practice : _ba primer / _cSharlene Nagy Hesse-Biber, Patricia Lina Leavy |
| 260 |
_aThousand Oaks : _bSAGE Publications, _c2007. |
||
| 300 | _axix, 371 p. ; | ||
| 650 | 0 | _aWomen's studies. | |
| 650 | 0 | _aFeminism | |
| 700 | 1 |
_aLeavy, Patricia, _eedt |
|
| 856 | 4 | 1 | _uhttp://www.loc.gov/catdir/enhancements/fy0661/2006018378-t.html |
| 856 | 4 | 2 | _uhttp://www.loc.gov/catdir/enhancements/fy0712/2006018378-d.html |
| 856 | 4 | 2 | _uhttp://www.loc.gov/catdir/enhancements/fy0734/2006018378-b.html |
| 942 | _cL | ||
| 999 |
_c137 _d137 |
||